000 00839nam a2200289Ia 4500
003 OSt
005 20220912144855.0
006 a|||||r|||| 00| 0
007 ta
008 220909b |||||||| |||| 00| 0 eng d
020 _a8177589164 (pbk)
024 _a76469
037 _b1779, 08/03/2007, Unilib Book Distributors
037 _cTextbook
040 _aCSL
_beng
_cCSL
041 _aeng
082 _aCN1, K72;23 TC
100 _aSakurai J J
245 0 _aAdvanced quantum mechanics
260 _aDelhi
_bPearson Education
_c2007
300 _a344p.
_ccm.
500 _aAppendix A-E, 313-333p.; Index 335-344p.
650 _a Quantum mechanics
650 _aPhysics
942 _hCN1, K72;23 TC
_cTB
_2CC
999 _c17905
_d17905